000 00784nam a22002777a 4500
003 CHAP
005 20220329140041.0
008 971013s1946 r 00010 d
010 _a46242
011 _a47214
035 _a51356
040 _cCHAP
090 _aFolleto 1292
100 0 0 _aUnión Panamericana.
_9116248
245 _aYerba mate
260 _aWashington :
_bUnión Panamericana,
_c1946
300 _a23 p.
_b: ilus.
590 _aBATCH-UPD
_b10
_c20130110
_lUCH01
_h0027
590 _aBATCH-UPD
_b10
_c20130409
_lUCH01
_h2009
590 _aBATCH-UPD
_b10
_c20130914
_lUCH01
_h1802
590 _aCONVERSION
_b10
_c20130109
_lUCH01
_h1325
650 1 4 _aMate (arbusto)
_972897
901 _aBK
942 _cFOLL
949 _aFolleto 1292
_bBC
_cFOLL
_d-114938
_eTS1
_i51356
_si
999 _c46242
_d46242